Ecoles Polytech de France - Niveau Extreme ! - Statistiques

Statistiques générales
  • Ce quiz a été pris 158 fois
  • Le résultat moyen est 29 sur 48
Statistiques - réponses
Ville Couleur Mascotte Réponses % Correct
Bleu
94%
Vert
91%
Or
89%
Nice Vert pomme Dinosaure Nice
87%
Rouge
87%
Lille Rouge Renard Lille
85%
Lyon Bordeaux Lion Lyon
85%
Marseille Turquoise Requin Marseille
85%
Violet
85%
Nantes Jaune Oiseau Nantes
83%
Jaune
81%
Nancy Rouge et noir Aigle Nancy
76%
Rose
76%
Dijon Mauve Ours Dijon
74%
Grenoble Sable Yeti Grenoble
74%
Orange
74%
Saclay Or Taureau Saclay
74%
Angers Saumon Crocodile Angers
72%
Orleans Orange Tigre Orleans
72%
Montpellier Bleu Dragon Montpellier
70%
Sorbonne Argent Lapin Sorbonne
70%
Tours Violet Chat Tours
70%
Argent
67%
Clermont-Ferrand Vert Pingouin Clermont-Ferrand
67%
Bordeaux
63%
Lion
61%
Chat
59%
Aigle
56%
Tigre
56%
Requin
54%
Saumon
54%
Annecy-Chambery Rose Chien Annecy-Chambery
52%
Dragon
52%
Pingouin
46%
Yeti
46%
Ours
43%
Renard
43%
Lapin
41%
Crocodile
37%
Dinosaure
35%
Mauve
35%
Taureau
35%
Saint Bernard
33%
Rouge et noir
31%
Turquoise
31%
Canari
30%
Sable
24%
Vert pomme
24%
Aucun quiz correspondant
Distribution des résultats
% des personnes avec chaque résultat
Percentile par nombre de réponses
Votre historique - résultats
Vous n’avez pas pris ce quiz